000 00660nam a2200253Ia 4500
003 OSt
005 20221005083800.0
006 a|||||r|||| 00| 0
007 ta
008 221004b |||||||| |||| 00| 0 eng d
020 _a81859907666X
024 _a79431
037 _cTextual
040 _aCRL
_cCRL
_beng
041 _2eng
_aeng
082 _aQ7y7C429w, C4
100 _aMuir William
245 0 _aLife of Mahomet
_b From original sources
260 _aNew Delhi
_bVoice of India India
_c1894
300 _a556p.
_ccm.
650 _aRELIGION
942 _hQ7y7C429w, C4
_cTEXL
_2cc
999 _c991522
_d991522